Titres de Zayn - Statistiques

Statistiques générales
  • Ce quiz a été pris 117 fois
  • Le résultat moyen est 21 sur 61
Statistiques - réponses
Hint Réponse % Correct
P Pillowtalk
83%
Dusk Till Dawn
62%
Tio
55%
Fool For You
48%
I Don't Wanna Live Forever
48%
She
48%
Befour
46%
L Let Me
45%
Like I Would
45%
Sweat
45%
Wrong
43%
D Drunk
41%
Good Years
39%
Insomnia
39%
It's You
39%
Better
36%
E Entertainer
36%
Rainberry
36%
Rear View
36%
B Back To Life
35%
Borderz
35%
N Natural
35%
No Candle No Light
35%
She don't Love Me
35%
Still Got Time
35%
C Calamity
33%
Sour Diesel
33%
V Vibez
33%
A All That
32%
Common
32%
Love Like This
32%
There You Are
32%
Tightrope
32%
Blue
30%
Flight Of The Stars
30%
G Good guy
30%
Icarus Interlude
30%
Trampoline
30%
F Fingers
29%
I I Don't Mind
29%
O Outside
29%
Scripted
29%
Windowsill
29%
Bright
28%
M Mind Of Mind
28%
Stand Still
28%
T Talk To Me
28%
U Unfuckwitable
28%
If I Got You
26%
River Road
26%
S Satisfaction
26%
Tonight
26%
Too Much
26%
Connexion
25%
Y You Wish You Knew
25%
Fresh Air
23%
W When Love's Around
23%
Cruel
22%
Imprint
22%
Iucozade
22%
Who
20%
Aucun quiz correspondant
Distribution des résultats
% des personnes avec chaque résultat
Percentile par nombre de réponses
Votre historique - résultats
Vous n’avez pas pris ce quiz